000 00677nam a2200229Ia 4500
003 GCL
008 140319s9999 xx 000 0 ara d
040 _aGCL /
_cGCL
082 0 4 _a322.1
_bع ع
100 1 _aعلى جمال الدين عوض
245 1 0 _aعمليات البنوك من الوجهة القانونية /
_cعلى جمال الدين عوض
260 _a[S.N] :
_bمكتبة النهضة العربية ،
_c1988
300 _a780 ص
490 _a
650 0 4 _aالشيكات
650 0 4 _aالاقتصاد
650 0 4 _aالبنوك
650 0 4 _aالائتمان
650 0 4 _aادخارات
650 0 4 _aاعتمادات
942 _2ddc
_cBK
999 _c30546
_d30546